| 000 | 00386 a2200145 4500 | ||
|---|---|---|---|
| 999 |
_c12338 _d12338 |
||
| 003 | OSt | ||
| 005 | 20240117120123.0 | ||
| 008 | 240117b ||||| |||| 00| 0 eng d | ||
| 020 | _a9783836535601 | ||
| 082 | _a728.09 | ||
| 100 |
_aSmith, Elizabeth A. T., _d1958- |
||
| 245 | _aCase study houses : 1945-1966 : the Californian impetus | ||
| 260 |
_b Taschen GmbH _c2021 |
||
| 942 | _2ddc | ||